000
00286nam a2200109Ia 4500
008
190907s9999||||xx |||||||||||||| ||und||
100
_a
Conger,SUE A.
245
0
_a
Planning and Designing effective Web Sites
260
_a
New York
_b
Prentice Hall Inc.
_c
1998
300
_a
184
942
_c
BK
999
_c
6464
_d
6464